| 000 | 00566nam a2200229 a 4500 | ||
|---|---|---|---|
| 999 |
_c4862 _d4862 |
||
| 001 | 4862 | ||
| 003 | BD-JhCC | ||
| 005 | 20171204185735.0 | ||
| 008 | 171204s1956 e |||| ||a| 000 0 eng d | ||
| 035 | _a(BD-JhCC)4862 | ||
| 040 |
_aBD-JhCC _dBD-JhCC |
||
| 041 | _aeng | ||
| 082 |
_a428.2 _bCHA 1956 |
||
| 100 | _aChapman, L. R. H. | ||
| 245 |
_aPrecis Writing / _cL. R. H. Chapman |
||
| 260 |
_aLongmans : _bGreen and Co Ltd, _c1956. |
||
| 300 |
_a90 p. : _c18 cm. |
||
| 650 | _aAbstracting | ||
| 650 | _aEnglish Language | ||
| 942 |
_2ddc _cBK |
||